Funkčné a priestorové usporiadanie detských ihrísk v obytnom súbore : Kandidátska dizertačná práca /

Gespeichert in:
Bibliographische Detailangaben
1. Verfasser: Tužinská, Ivana (Verfasst von)
Weitere Verfasser: Šarafín, Michal, 1943- (Betreuung Doktorarbeit)
Format: Manuskript Buch
Sprache:Slowakisch
Veröffentlicht: Bratislava : Slovenská vysoká škola technická v Bratislave, Fakulta architektúry, december 1980
Schlagworte:
Tags: Tag hinzufügen
Keine Tags, Fügen Sie das erste Tag hinzu!

MARC

LEADER 00000ntm a22000003a 4500
001 0113004
003 SK-STU
005 20241212111844.6
007 ta
008 241212s2024----xo-----f-mn---000-0-slo-d
040 |a STU  |b slo 
041 0 |a slo 
044 |a xo  |c SK 
100 1 |a Tužinská, Ivana  |4 aut 
245 1 0 |a Funkčné a priestorové usporiadanie detských ihrísk v obytnom súbore :  |b Kandidátska dizertačná práca /  |c aut. Ivana Tužinská ; škol. Michal Šarafín 
260 |a Bratislava :  |c december 1980  |b Slovenská vysoká škola technická v Bratislave, Fakulta architektúry, 
300 |a 235 s.;  |b nestr. príloha 
650 0 7 |a detské ihriská 
700 1 |a Šarafín, Michal,  |d 1943-  |4 ths  |X 456  |7 A000000456 
996 |b 284AU10136  |c A* 185/V  |l AAKNST  |s P  |a 0  |w 0113004_0001